000 00885nam a22002657a 4500
001 BR8703738
003 BR-BrBNA
005 20230928092627.0
007 ta
008 230509b bl.||||| |||| 00| 0 por d
040 _aBR-BrBNA
_bpor
_cBiblioteca Nacional de Agricultura
041 _a(Por)
072 _aE14; F01
_b3575
_b/G514
090 _ 3575 BR8703738
110 1 _aSecretaria Nacional de Producao Agropecuaria, Brasilia, DF (Brasil). Secretaria de Producao Vegetal
_99238
245 1 _aAcompanhamento do "Programa Nacional para Incremento da Producao e da Utilizacao de Sementes Melhoradas" - 1980/84
260 3 _aBrasilia, DF (Brasil):
_c1982.
300 _a39 p.
500 _a26 tables; 21 graphs
650 _aSEMENTE
650 _aMELHORAMENTO GENETICO VEGETAL
650 _aPROJETO DE DESENVOLVIMENTO
909 _a202309
_bLucia
_c55
_dLucia Elande
942 _cBK
999 _c40245
_d40245